Spracovanie modelu dopravnej siete
Guardado en:
| Autor principal: | |
|---|---|
| Otros Autores: | |
| Formato: | Manuscrito Libro |
| Lenguaje: | eslovaco |
| Publicado: |
2016
|
| Materias: | |
| Acceso en línea: | http://is.stuba.sk/zp/portal_zp.pl?podrobnosti=106623 |
| Etiquetas: |
Sin Etiquetas, Sea el primero en etiquetar este registro!
|
MARC
| LEADER | 00000ntm a22000003a 4500 | ||
|---|---|---|---|
| 001 | stuzp59187 | ||
| 003 | SK-STU | ||
| 005 | 20160719155805.2 | ||
| 007 | ta | ||
| 008 | 150427s2015----xo-----f-mn---000-0-slo-d | ||
| 040 | |a STU |b slo | ||
| 041 | 0 | |a slo | |
| 100 | 1 | |a Randák, Richard |u 070400 |4 aut |U FIIT Fakulta informatiky a informačných technológií |T FIIT Ústav počítačového inžinierstva a aplikovanej informatiky |X 72332 |U I400 |Y 672 |7 72332 | |
| 242 | 0 | 1 | |a Processing of transport network model |y eng |
| 245 | 1 | 0 | |a Spracovanie modelu dopravnej siete |
| 260 | |c 2016 | ||
| 650 | 4 | |a dopravné siete |2 slo | |
| 650 | 4 | |a centrality |2 slo | |
| 650 | 4 | |a teória grafov |2 slo | |
| 650 | 4 | |a graph theory |2 eng | |
| 650 | 4 | |a centralities |2 eng | |
| 650 | 4 | |a transport networks |2 eng | |
| 700 | 1 | |a Bernát, Dušan |u 070400 |k Z2 |4 ths |U FIIT Fakulta informatiky a informačných technológií |T FIIT Ústav počítačového inžinierstva a aplikovanej informatiky |X 1887 |U I400 |Y 672 |7 1887 | |
| 856 | 4 | |u http://is.stuba.sk/zp/portal_zp.pl?podrobnosti=106623 | |
| 996 | |b 8122 |c I* BAP 103/2016 |l II680 |s P |a 0 |w stuzp59187_0001 | ||
| SQL | |a stuzp59187 |b DBP |c SLO |d Spracovanie modelu dopravnej siete |e 72332 |f Randák, Richard |g 070400 |h 1887 |i Bernát, Dušan |j 20160622 |k 202 |l 07 |m http://is.stuba.sk/zp/portal_zp.pl?podrobnosti=106623 |n B-INFO |o 9.2.1. informatika | ||